书目信息 |
| 题名: |
彩色折纸
|
|
| 作者: | ;浙江摄影出版社 编 | |
| 分册: | ||
| 出版信息: | 杭州 浙江摄影出版社 1999 |
|
| 页数: | 85页 | |
| 开本: | 26cm | |
| 丛书名: | ||
| 单 册: | ||
| 中图分类: | J528.2 | |
| 科图分类: | ||
| 主题词: | 扎纸--中国 | |
| 电子资源: | ||
| ISBN: | 7-80536-635-7 | |
| 000 | 00624nam0 2200217 45 | |
| 001 | 0199049353 | |
| 005 | 20041125101153.6 | |
| 010 | @a7-80536-635-7@dCNY39.50 | |
| 100 | @a19990803d1999 am y0chiy0121 ea | |
| 101 | 0 | @achi |
| 102 | @aCN@b330000 | |
| 105 | @aa z 000yy | |
| 200 | 1 | @a彩色折纸@Acai se zhe zhi@e壹佰零肆款@EYi Bai Ling Si Kuan@f浙江摄影出版社编@FZhe Jiang She Ying Chu Ban She Bian |
| 210 | @a杭州@c浙江摄影出版社@d1999 | |
| 215 | @a85页@d26cm | |
| 517 | @a壹佰零肆款 | |
| 606 | @a扎纸@y中国 | |
| 690 | @aJ528.2@v4 | |
| 711 | 02 | @a浙江摄影出版社@4编 |
| 801 | @aCN@bTSTC@c20030225 | |
| 905 | @dJ528.2@e71 | |
| 彩色折纸:壹佰零肆款/浙江摄影出版社编.-杭州:浙江摄影出版社,1999 |
| 85页;26cm |
| ISBN 7-80536-635-7:CNY39.50 |
| ● |
| 相关链接 |
|
|
|
|
正题名:彩色折纸
索取号:J528.2/71
 
预约/预借
| 序号 | 登录号 | 条形码 | 馆藏地/架位号 | 状态 | 备注 |
| 1 | 0320111 | 203201114 | 第一借阅区/ [索取号:J528.2/71] | 在馆 | |
| 2 | 0320112 | 203201123 | 第一借阅区/ [索取号:J528.2/71] | 在馆 | |
| 3 | 0320113 | 203201132 | 第一借阅区/ [索取号:J528.2/71] | 在馆 | |
| 4 | 0320114 | 203201141 | 第一借阅区/ [索取号:J528.2/71] | 在馆 | |
| 5 | 0320115 | 203201150 | 第一样本阅览室/ [索取号:J528.2/71] | 在馆 |